000 00265nam a2200097Ia 4500
001 807715
005 20250826171236.0
008 250824s9999 xx 000 0 und d
245 0 _aTARİHİ DEĞİŞTİREN GİZLİ SERVİSLER
_cALİ ÇİMEN
260 _bTİMAŞ YAYINLARI
999 _c807715
_d807715